000 00298nam a22001337a 4500
008 170527b xxu||||| |||| 00| 0 eng d
020 _a132504642
041 _aeng
080 _a621.3
100 _a25
101 _aIM
245 _aELECTRICAL ENGINEERING SERIES
_cWEDLOCK, B.D
942 _2udc
_cBK
999 _c14648
_d14648